Selected poems /

Tallennettuna:
Bibliografiset tiedot
Päätekijä: Dickinson, Emily (Tekijä)
Aineistotyyppi: Kirja
Kieli:englanti
Julkaistu: New York : Dover publications, 1990
Sarja:Dover Thrift editions
Tagit: Lisää tagi
Ei tageja, Lisää ensimmäinen tagi!

MARC

LEADER 00000nam a22000007i 4500
001 IT\ICCU\UBO\2034694
003 ItRI
005 20260115231818.0
008 030708s1990 xxu|||||| ||||| |||||c
020 |a 0486264661 (pbk) 
040 |b ita  |c importazione bologna sebina 
041 7 |a eng  |2 ISO-639-2 
100 1 |a Dickinson, Emily  |0 IT\ICCU\CFIV\004169  |4 aut 
245 1 0 |a Selected poems /  |c Emily Dickinson. 
260 |a New York :  |b Dover publications,  |c 1990 
300 |a VII, 54 p. ;  |c 21 cm 
500 |a This Dover edition contains the complete text of 109 poems exactly as they were printed in the three volumes from the 1890s listed in the note to the present edition. 
790 1 |a Dickinson, Emily E.  |3 IT\ICCU\SBNV\080048  |z Dickinson, Emily 
790 1 |a Dickinson, Emily Elizabeth  |3 IT\ICCU\SBNV\080047  |z Dickinson, Emily 
830 0 |a Dover Thrift editions  |0 IT\ICCU\UM1\0106533 
942 |2 ddc  |c BK  |n 0 
952 |0 0  |1 0  |4 0  |6 DOC_811_000000000000000_DIC  |7 0  |9 13276  |a BO  |b BO  |d 2026-01-15  |i 3426  |l 0  |o DOC 811 DIC  |p BO3426  |r 2026-01-15 23:18:18  |w 2026-01-15  |x [Sebina 5] [1 v.]  |y BK  |z 1 v. 
999 |c 11397  |d 11397